| 000 | 01169nam a22003617a 4500 | ||
|---|---|---|---|
| 001 | 247 | ||
| 003 | FISKH | ||
| 005 | 20230309163408.0 | ||
| 008 | 230309b cb ||||| |||| 00| 0 eng d | ||
| 020 | _a9780064400558 | ||
| 040 |
_aDLC _beng _erda _cDLC _dDLC _dFISTKH |
||
| 050 | 0 | 0 |
_aPZ7.W58277 _bCh |
| 082 | _a813.52 | ||
| 100 | 1 |
_aWhite, E. B. _q(Elwyn Brooks), _d1899-1985. |
|
| 245 | 1 | 0 |
_aCharlotte's web / _cby E.B. White ; pictures by Garth Williams. |
| 250 |
_a60th Anniversary Edition _bForward by Kate DiCamillo |
||
| 264 | 1 |
_aNew York _bHarperCollinsPublishers _c2012 |
|
| 300 |
_a184 p. _bills. _c20 cm |
||
| 336 |
_atext _btxt _2rdacontent |
||
| 337 |
_aunmediated _bn _2rdamedia |
||
| 338 |
_avolume _bnc _2rdacarrier |
||
| 505 | _aM | ||
| 521 | 8 |
_a680
_bLexile |
|
| 521 | 8 |
_aM
_bRaz-Plus |
|
| 650 | _aFarm animals | ||
| 650 | _aPersonaification | ||
| 655 | 7 |
_aJuvenile literature _y1952. _2rbgenr |
|
| 700 | 1 |
_aWilliams, Garth, _eillustrator. |
|
| 700 | 1 |
_aRosenwald, Edith Goodkind, _edonor. _5DLC |
|
| 710 | 2 |
_aLessing J. Rosenwald Collection (Library of Congress) _5DLC |
|
| 906 |
_a7 _bcbc _corignew _d2 _eocip _f19 _gy-genrareb |
||
| 942 |
_2ddc _cBK _n0 |
||
| 999 |
_c247 _d247 |
||